| 000 | 00816nam a22002177a 4500 | ||
|---|---|---|---|
| 999 |
_c12000 _d12000 |
||
| 003 | AR-CdUCM | ||
| 008 | 190405b ||||| |||| 00| 0 spa d | ||
| 040 |
_aMUNICIPALIDAD PROVINCIAL DEL CUSCO _cBIBLIOTECA MUNICIPAL DEL CUSCO |
||
| 082 |
_a332.1 / _bR62 |
||
| 100 |
_aRivera Guzman, Eugenio de la _929651 |
||
| 245 | _aManual practico de Banca y Bolsa / | ||
| 260 |
_aBarcelona : _bEdit.B.Bauza, |
||
| 300 |
_a106 paginas ; _c21 cm. |
||
| 505 | _aContenido :La banca y el credito --La moneda --Clasificacion de Bancos --Documentos de Banca --Operaciones de banca y bolsa ... | ||
| 650 |
_aMercado de capitales _929652 |
||
| 650 |
_aBancos _94353 |
||
| 650 |
_aAspectos financieros _929653 |
||
| 710 |
_aUniversidad Inca Garcilaso de la Vega (Lima) _929654 |
||
| 942 |
_2ddc _cLIBROS |
||
| 945 |
_arjall _d2019-04-05 |
||